00725cam a2200193 a 4500001000800000005001700008008004100025020001500066040001300081082002100094100002900115245011800144260004100262300001900303500009700322942000600419952009300425999001300518357277120231205044808.0980409s1997 ce b b 000 1 eng  a9559567004 aDLCcDLC 222a305.5.bRAT.1 aHoole, S. Ratnajeevan H.14aThe exile returned :ba self-portrait of the Tamil Vellahlahs of Jaffna, Sri Lanka /cby S. Ratnajeevan H. Hoole. aDehiwala :bAruvi Publishers,c1997. axvii, 475 p. : a"Institute of Fundamental Studies, Kandy, Sri Lanka and Harvey Mudd College, Ca 91711, USA." cL 001040708LaWERCLbWERCLd2023-12-05l0o305.5. RAT.p2474r2023-12-05w2023-12-05yL c151d151